Mobile Robot Localization and Map Building a Multisensors Fusion Approach

Salvato in:
Dettagli Bibliografici
Autori principali: Castellanos, José A. (Autore), Tardós, Juan D. (Autore)
Natura: Libro
Lingua:inglese
Pubblicazione: Norwell : Kluwer Academic Publishers, 2000
Soggetti:
Tags: Aggiungi Tag
Nessun Tag, puoi essere il primo ad aggiungerne!!

MARC

LEADER 00000nam a22000003a 4500
001 stu137043
005 20150617225919.0
008 070115s2000----xxu-----------------eng-d
020 |a 0-7923-7789-3 
040 |a STU  |b slo 
041 0 |a eng 
044 |a xxu 
080 |a 681.58 
080 |a 681.586 
080 |a 681.322.06 
100 1 |a Castellanos, José A.  |4 aut 
245 1 |a Mobile Robot Localization and Map Building a Multisensors Fusion Approach 
260 |a Norwell :  |b Kluwer Academic Publishers,  |c 2000 
300 |a 205 s 
650 7 |a mobilné roboty  |2 stusub 
650 7 |a senzory  |2 stusub 
700 1 |a Tardós, Juan D.  |4 aut 
996 |b 284EK86682  |c E*86682  |l EE23  |s P  |a 0  |w stu137043_0001